00649nam a2200193Ia 4500008004100000020001500041082001600056100002300072245005100095250000700146260004100153300003200194500000700226600002100233650005000254942000700304952012900311999001500440240925s9999 xx 000 0 und d a1555192353 a004.165 INT aIntel Corporation 0aIntel 486 Microprocessors and Related Products aNA aIllinois:bIntel Corporationc,1995. aVarious pagesbNAfOriginal aNA aComputer Science aComputer science, information & general works cBK 011440708CSaUITUbUITUd1998-02-12eFair Book Centerg650.00l0o004.165 INTpQ1815r2024-09-25 07:12:34w2024-09-25yBK c4314d4314